000 00745nam a22002297a 4500
999 _c2037
_d2037
003 AR-CdUCM
008 190228b ||||| |||| 00| 0 spa d
020 _a9786124048333
040 _aMUNICIPALIDAD PROVINCIAL DEL CUSCO
_cBIBLIOTECA MUNICIPAL DEL CUSCO
082 _a340.03 /
_bOS85
100 _aOsterling Parodi, Felipe
_97382
245 _aEnciclopedia jurisprudencia de las instituciones del derecho civil y comercial /
260 _aLima :
_bCaballero Bustamante,
_c2010.
300 _a763 paginas ;
_c25 cm.
505 _aEnciclopedia.
650 _aEstado civil
_97383
650 _aDecretos
_97384
650 _aDerechos Fundamentales
_97385
650 _aDerecho civil
_97386
942 _2ddc
_cLIBROS
945 _awnts
_d2018-02-28